[Event "1. OEsterreichische Internet Schach Meisterschaft - Vorrunde 1"]
[Site "Online - Playchess.com"]
[Date ""]
[Round "4"]
[Board "3"]
[White "Platzgummer, Fabian"]
[Black "Halvax, Georg"]
[Result "0-1"]
[WhiteElo "2336"]
[BlackElo "2416"]
[PlyCount "95"]
[EventDate "2020.04.11"]
[EventRounds "9"]
[EventCountry "AUT"]

1. Nf3 d5 2. g3 Bg4 3. Bg2 e6 4. O-O Nf6 5. h3 Bh5 6. c4 c6 7. d3 Be7 8. cxd5
Bxf3 9. Bxf3 cxd5 10. Nc3 O-O 11. Bf4 Nc6 12. g4 Bd6 13. Qd2 Bxf4 14. Qxf4 Qb6
15. Qd2 Rac8 16. Rfc1 Nd7 17. Bg2 Nde5 18. Na4 Qd8 19. Nc5 b6 20. Nb3 f5 21. f4
Ng6 22. g5 Qd6 23. e3 e5 24. fxe5 Ncxe5 25. Nd4 Rxc1+ 26. Rxc1 f4 27. exf4 Nxf4
28. Rf1 Nxg2 29. Rxf8+ Qxf8 30. Kxg2 Ng6 31. Qe3 Qf7 32. Kg3 Qc7+ 33. Kg2 Qe5
34. Kf2 Qh2+ 35. Ke1 Qe5 36. Qxe5 Nxe5 37. Ke2 a6 38. Nc6 Nxc6 39. Ke3 Kf7 40.
Kf4 Ke6 41. h4 Ne5 42. d4 Nc6 43. Ke3 Kf5 44. a3 Kg4 45. b4 Kxh4 46. g6 hxg6
47. b5 axb5 48. Kf4 {En#passant gibt auf}  0-1

[Event "1. OEsterreichische Internet Schach Meisterschaft - Vorrunde 1"]
[Site "Online - Playchess.com"]
[Date ""]
[Round "4"]
[Board "4"]
[White "Lichtl, Erich"]
[Black "Neuschmied, Siegfried"]
[Result "1-0"]
[WhiteElo "2096"]
[BlackElo "2268"]
[PlyCount "67"]
[EventDate "2020.04.11"]
[EventRounds "9"]
[EventCountry "AUT"]

1. b3 e5 2. Bb2 d6 3. e3 Nd7 4. d4 Ngf6 5. c4 Be7 6. Nf3 exd4 7. Nxd4 O-O 8.
Nf5 Re8 9. Nxe7+ Qxe7 10. Be2 Ne5 11. O-O Bf5 12. Nd2 a5 13. a3 Nd3 14. Bc3 a4
15. b4 Ne5 16. Nf3 Ne4 17. Bb2 Bg6 18. Nd4 c5 19. Nb5 Rad8 20. f4 Nc6 21. f5
cxb4 22. fxg6 hxg6 23. axb4 Nxb4 24. Rxa4 Nc6 25. Bf3 Nc5 26. Ra3 Ne5 27. Bxe5
dxe5 28. Qc1 e4 29. Be2 Nd3 30. Bxd3 exd3 31. Qd2 Qc5 32. Rc3 Rxe3 33. Kh1 Re2
34. Qd1 {Zeit}  1-0

[Event "1. OEsterreichische Internet Schach Meisterschaft - Vorrunde 1"]
[Site "Online - Playchess.com"]
[Date ""]
[Round "4"]
[Board "5"]
[White "Goelles, Herbert"]
[Black "Hofmann, Thomas"]
[Result "0-1"]
[WhiteElo "1705"]
[BlackElo "2215"]
[PlyCount "72"]
[EventDate "2020.04.11"]
[EventRounds "9"]
[EventCountry "AUT"]

1. f4 d5 2. Nf3 Nc6 3. g3 h5 4. Bg2 e6 5. h4 f6 6. d3 Nge7 7. Nc3 Nf5 8. Kf2 d4
9. Ne4 Be7 10. Bd2 O-O 11. Qe1 Qe8 12. Kg1 Qg6 13. Kh2 a5 14. Bh3 Nb4 15. Rc1
b6 16. a3 Nd5 17. Qf2 c5 18. Rhg1 Nh6 19. c4 dxc3 20. bxc3 e5 21. c4 Bxh3 22.
Kxh3 Qf5+ 23. Kg2 Ng4 24. Qe1 Nde3+ 25. Bxe3 Nxe3+ 26. Kh2 exf4 27. gxf4 Qxf4+
28. Qg3 Ng4+ 29. Kg2 Qe3 30. Rce1 f5 31. Nfg5 fxe4 32. Qxe3 Nxe3+ 33. Kg3 Bd6+
34. Kh3 Rf2 35. Rh1 Ng2 36. e3 Nxe1 {Sid777 resigns}  0-1

[Event "1. OEsterreichische Internet Schach Meisterschaft - Vorrunde 1"]
[Site "Online - Playchess.com"]
[Date ""]
[Round "4"]
[Board "6"]
[White "Peyrer, Konstantin"]
[Black "Poetz, Florian"]
[Result "1-0"]
[WhiteElo "2265"]
[BlackElo "2422"]
[PlyCount "65"]
[EventDate "2020.04.11"]
[EventRounds "9"]
[EventCountry "AUT"]

1. e4 c5 2. Nf3 e6 3. d4 cxd4 4. Nxd4 a6 5. c4 Nf6 6. Nc3 Qc7 7. Be2 d6 8. O-O
b6 9. Be3 Bb7 10. Qd3 Nbd7 11. f3 Be7 12. Rac1 O-O 13. Rfd1 Rac8 14. Qb1 Qb8
15. b4 Bd8 16. Kh1 Bc7 17. Bg1 Rfe8 18. Nb3 Ne5 19. a4 Bd8 20. Rd4 Nc6 21. Rd2
Nxb4 22. Nd4 Nc6 23. Rb2 Nd7 24. Nxc6 Rxc6 25. a5 Qc8 26. axb6 Ne5 27. c5 dxc5
28. f4 Nd7 29. Na4 Be7 30. e5 c4 31. Bf3 Nc5 32. Bxc6 Qxc6 33. Nxc5 {Ch_h gibt
auf}  1-0

[Event "1. OEsterreichische Internet Schach Meisterschaft - Vorrunde 1"]
[Site "Online - Playchess.com"]
[Date ""]
[Round "4"]
[Board "7"]
[White "Schnider, Gert"]
[Black "Froewis, Annika"]
[Result "1-0"]
[WhiteElo "2423"]
[BlackElo "2136"]
[PlyCount "151"]
[EventDate "2020.04.11"]
[EventRounds "9"]
[EventCountry "AUT"]

1. e4 e5 2. Nf3 Nc6 3. Bb5 a6 4. Ba4 Nf6 5. O-O b5 6. Bb3 Bc5 7. a4 Rb8 8. c3
d6 9. d4 Bb6 10. axb5 axb5 11. Qd3 Bd7 12. Bg5 h6 13. Bh4 g5 14. Bg3 O-O 15.
dxe5 dxe5 16. Nxe5 Nxe5 17. Bxe5 Ng4 18. Bg3 Qe7 19. Nd2 Rbd8 20. Rad1 Rfe8 21.
Qf3 Qf6 22. h3 Qxf3 23. Nxf3 Nf6 24. e5 Nh5 25. Kh2 g4 26. hxg4 Bxg4 27. Rxd8
Rxd8 28. Rd1 Re8 29. Rd5 c6 30. Rd6 Bxf3 31. gxf3 Nxg3 32. fxg3 Rxe5 33. Rxc6
Re2+ 34. Kh3 Be3 35. Rg6+ Kf8 36. Rf6 Rxb2 37. Rxf7+ Ke8 38. Bd5 Rd2 39. Rf5
Rd3 40. Bc6+ Ke7 41. Bxb5 Rxc3 42. Kg4 Ke6 43. Be8 Bd2 44. Bf7+ Ke7 45. Bd5 Rd3
46. Be4 Rd4 47. Re5+ Kf6 48. Rb5 Bc1 49. Rb6+ Kg7 50. Rg6+ Kf7 51. Rc6 Kg7 52.
Kf5 Bd2 53. Rc7+ Kf8 54. f4 Bb4 55. Rc6 Rd6 56. Rxd6 Bxd6 57. Kg6 h5 58. Kxh5
Kg7 59. Kg5 Be7+ 60. Kf5 Bd6 61. g4 Bc5 62. g5 Be3 63. Kg4 Bd2 64. f5 Bc3 65.
Bd5 Be5 66. Bb3 Bc3 67. Bc2 Bd4 68. Kf3 Bb2 69. Ke4 Bc1 70. f6+ Kf7 71. Kf5 Bb2
72. g6+ Kg8 73. Bb3+ Kh8 74. g7+ Kh7 75. g8=Q+ Kh6 76. Qg6#  1-0

[Event "1. OEsterreichische Internet Schach Meisterschaft - Vorrunde 1"]
[Site "Online - Playchess.com"]
[Date ""]
[Round "4"]
[Board "8"]
[White "Maierhofer, Johann"]
[Black "Wohlfahrt, Herbert"]
[Result "0-1"]
[WhiteElo "2087"]
[BlackElo "2285"]
[PlyCount "148"]
[EventDate "2020.04.11"]
[EventRounds "9"]
[EventCountry "AUT"]

1. e4 c5 2. c4 e6 3. Nc3 a6 4. g3 Nc6 5. Bg2 Nf6 6. Nge2 Rb8 7. d3 b5 8. O-O
Be7 9. h3 Nd4 10. Rb1 d6 11. Be3 bxc4 12. dxc4 e5 13. f4 O-O 14. fxe5 dxe5 15.
Nd5 Be6 16. b3 Nd7 17. Nec3 Bg5 18. Qd2 Bxe3+ 19. Qxe3 h6 20. Kh2 Qg5 21. Rbe1
Qxe3 22. Rxe3 f6 23. h4 Bg4 24. Bh3 Bxh3 25. Kxh3 Rf7 26. Rf2 Nf8 27. Na4 Nfe6
28. Nac3 Rbf8 29. Re1 h5 30. Ref1 Kh7 31. Ne3 g6 32. Ncd5 Kg7 33. Nc3 f5 34.
exf5 gxf5 35. Ncd5 Kg6 36. Ng2 a5 37. Re1 e4 38. Ngf4+ Nxf4+ 39. Nxf4+ Kh6 40.
Nd5 Nf3 41. Rd1 Rd7 42. Ne3 Rxd1 43. Nxd1 Rd8 44. Ne3 Kg6 45. Nd5 Ra8 46. Nb6
Ra6 47. Na4 Rc6 48. Nc3 Kf6 49. Nd5+ Ke5 50. Nf4 a4 51. Nxh5 axb3 52. axb3 Rb6
53. Rb2 Ra6 54. Nf4 Ra1 55. Ne2 e3 56. Kg2 Nd4 57. h5 Ke4 58. h6 Ra6 59. Nc3+
Kd3 60. Na4 Rxh6 61. Nxc5+ Kc3 62. Ra2 e2 63. Na4+ Kxb3 64. Ra1 Nc2 65. Nc5+
Kxc4 66. Rc1 e1=Q 67. Rxe1 Nxe1+ 68. Kf2 Kxc5 69. Kxe1 Kd4 70. Ke2 Ke4 71. Kf2
Ra6 72. Kg2 Ra3 73. Kf2 Ra2+ 74. Kf1 Kf3  0-1

[Event "1. OEsterreichische Internet Schach Meisterschaft - Vorrunde 1"]
[Site "Online - Playchess.com"]
[Date ""]
[Round "4"]
[Board "9"]
[White "Glaner, Marcus Franz"]
[Black "Breneis, Lukas"]
[Result "0-1"]
[WhiteElo "1939"]
[BlackElo "2257"]
[PlyCount "102"]
[EventDate "2020.04.11"]
[EventRounds "9"]
[EventCountry "AUT"]

1. e4 c5 2. b4 cxb4 3. a3 d5 4. exd5 Qxd5 5. Bb2 bxa3 6. Nxa3 Nc6 7. Nf3 Nf6 8.
c4 Qe4+ 9. Be2 Bg4 10. O-O Qf4 11. Nb5 Rd8 12. d4 e6 13. g3 Qb8 14. Ng5 Bxe2
15. Qxe2 Be7 16. d5 exd5 17. Bxf6 gxf6 18. cxd5 Rxd5 19. Ne4 O-O 20. Ra4 a6 21.
Nbc3 Re5 22. Qf3 b5 23. Rxa6 Qb7 24. Raa1 b4 25. Na4 f5 26. Nec5 Bxc5 27. Nxc5
Rxc5 28. Qe3 f4 29. Qxc5 Re8 30. Qg5+ Kh8 31. Qf6+ Kg8 32. Qxf4 Ne5 33. Qg5+
Kh8 34. Qf6+ Kg8 35. f3 Ng6 36. Rab1 b3 37. Rf2 Qd5 38. h4 Re6 39. Qb2 Qd6 40.
Kg2 Nxh4+ 41. gxh4 Rg6+ 42. Kf1 Qd3+ 43. Re2 Qxf3+ 44. Ke1 Rg1+ 45. Kd2 Qd5+
46. Kc3 Rg3+ 47. Kb4 Rg4+ 48. Ka3 Qc5+ 49. Kxb3 Rb4+ 50. Ka2 Ra4+ 51. Qa3 Qxa3#
 0-1

[Event "1. OEsterreichische Internet Schach Meisterschaft - Vorrunde 1"]
[Site "Online - Playchess.com"]
[Date ""]
[Round "4"]
[Board "10"]
[White "Meier, Alexander"]
[Black "Doskocil, Klaus"]
[Result "1-0"]
[WhiteElo "2226"]
[BlackElo "2157"]
[PlyCount "125"]
[EventDate "2020.04.11"]
[EventRounds "9"]
[EventCountry "AUT"]

1. e4 c5 2. Nc3 Nc6 3. f4 e6 4. Nf3 d5 5. Bb5 d4 6. Bxc6+ bxc6 7. Nb1 Nf6 8. d3
Be7 9. O-O O-O 10. b3 a5 11. a4 Ne8 12. Bd2 Bd6 13. Na3 Bc7 14. Nc4 Ba6 15.
Nce5 Bb7 16. Qe1 f6 17. Nc4 Ba6 18. Nxa5 Bxa5 19. Bxa5 Qe7 20. Bd2 e5 21. fxe5
fxe5 22. Qg3 c4 23. bxc4 Bc8 24. Qxe5 Qxe5 25. Nxe5 Rxf1+ 26. Kxf1 c5 27. a5
Nf6 28. Rb1 Nd7 29. Nc6 Ba6 30. Ke2 Kf7 31. Bf4 Ke6 32. Nb8 Bc8 33. Rb5 h6 34.
Nxd7 Bxd7 35. Rxc5 g5 36. Bg3 Ke7 37. Bc7 Bg4+ 38. Kd2 Rf8 39. Bg3 Rf1 40. c3
Rd1+ 41. Kc2 dxc3 42. Kxc3 Ra1 43. Rb5 Ra3+ 44. Kd4 Be2 45. Ke5 Bxd3 46. Rc5
Kd7 47. Kf6 Bxe4 48. Rc7+ Kd8 49. Ra7 Bxg2 50. c5 Rf3+ 51. Ke6 Re3+ 52. Kf6
Rf3+ 53. Kg6 Rc3 54. Bd6 g4 55. Kxh6 Be4 56. Kg5 Bf3 57. Kf4 Rc4+ 58. Ke5 Ra4
59. Ke6 Re4+ 60. Kf6 Ra4 61. Rg7 Rxa5 62. Bc7+ Ke8 63. Bxa5 {Zeit}  1-0

[Event "1. OEsterreichische Internet Schach Meisterschaft - Vorrunde 1"]
[Site "Online - Playchess.com"]
[Date ""]
[Round "4"]
[Board "11"]
[White "Mostbauer, Maximilian"]
[Black "Kern, Michael"]
[Result "1-0"]
[WhiteElo "2217"]
[BlackElo "1957"]
[PlyCount "67"]
[EventDate "2020.04.11"]
[EventRounds "9"]
[EventCountry "AUT"]

1. d4 f5 2. Nf3 e6 3. g3 Nf6 4. Bg2 Be7 5. O-O O-O 6. b3 d6 7. Bb2 a5 8. c4 a4
9. Nbd2 a3 10. Bc3 Ne4 11. Qc2 Nxc3 12. Qxc3 Bf6 13. e4 Nc6 14. e5 dxe5 15.
dxe5 Nxe5 16. Nxe5 Bxe5 17. Qxe5 Qxd2 18. Qxc7 f4 19. Rfd1 Qc3 20. gxf4 Qf6 21.
Qe5 Qg6 22. Kh1 Rf5 23. Qe3 Qg4 24. Bh3 Qxf4 25. Bxf5 Qxf5 26. Rd8+ Kf7 27. Rg1
b5 28. Rxc8 Rxc8 29. Rg3 Qb1+ 30. Kg2 Rc7 31. Qe5 Ke8 32. Qxc7 Qe4+ 33. Rf3
Qg4+ 34. Qg3 {Franky93 gibt auf}  1-0

[Event "1. OEsterreichische Internet Schach Meisterschaft - Vorrunde 1"]
[Site "Online - Playchess.com"]
[Date ""]
[Round "4"]
[Board "12"]
[White "Frank, Paul"]
[Black "Kuecher, Wolfgang"]
[Result "1-0"]
[WhiteElo "2210"]
[BlackElo "2117"]
[PlyCount "69"]
[EventDate "2020.04.11"]
[EventRounds "9"]
[EventCountry "AUT"]

1. Nf3 g6 2. g3 Bg7 3. d4 c5 4. Bg2 cxd4 5. Nxd4 Nc6 6. Nb3 Nf6 7. c4 O-O 8.
Nc3 d6 9. O-O Bd7 10. c5 Ne8 11. Bf4 e5 12. Be3 Be6 13. cxd6 Qxd6 14. Bc5 Qxd1
15. Rfxd1 Nd4 16. Nxd4 exd4 17. Nd5 Rd8 18. Bxf8 Kxf8 19. Nf4 b6 20. Nxe6+ fxe6
21. Rac1 Ke7 22. h4 e5 23. b3 Kd6 24. e3 Nf6 25. exd4 e4 26. Re1 Re8 27. Rc2
Kd5 28. Rc7 Bh6 29. Rxa7 Kxd4 30. Rb7 Bd2 31. Rd1 e3 32. fxe3+ Kxe3 33. Rxb6
Ke2 34. Rxd2+ Kxd2 35. Rxf6 {Matts7 gibt auf}  1-0

[Event "1. OEsterreichische Internet Schach Meisterschaft - Vorrunde 1"]
[Site "Online - Playchess.com"]
[Date ""]
[Round "4"]
[Board "13"]
[White "Sulzbacher, Michael"]
[Black "Charaus, Florian"]
[Result "1-0"]
[WhiteElo "2018"]
[BlackElo "2055"]
[PlyCount "57"]
[EventDate "2020.04.11"]
[EventRounds "9"]
[EventCountry "AUT"]

1. b3 d5 2. Bb2 c5 3. f4 Nc6 4. Nf3 Bg4 5. e3 e6 6. Bb5 Nf6 7. Bxc6+ bxc6 8.
O-O Be7 9. d3 h5 10. Qe1 Bxf3 11. Rxf3 Qb6 12. Nd2 Rh6 13. c4 Rg6 14. e4 O-O-O
15. Bxf6 gxf6 16. Rg3 Rdg8 17. f5 Rg4 18. Qf2 Qc7 19. Rxg4 Rxg4 20. exd5 cxd5
21. Re1 Bd6 22. fxe6 Bxh2+ 23. Kh1 Bg3 24. e7 Rh4+ 25. Kg1 Bxf2+ 26. Kxf2 Rf4+
27. Nf3 Re4 28. dxe4 dxe4 29. Rxe4 {Scharuso gibt auf}  1-0

[Event "1. OEsterreichische Internet Schach Meisterschaft - Vorrunde 1"]
[Site "Online - Playchess.com"]
[Date ""]
[Round "4"]
[Board "14"]
[White "Knoll, Martin"]
[Black "Pilshofer, Paul"]
[Result "1-0"]
[WhiteElo "2018"]
[BlackElo "1715"]
[PlyCount "27"]
[EventDate "2020.04.11"]
[EventRounds "9"]
[EventCountry "AUT"]

1. d4 d5 2. Nc3 Nf6 3. e4 dxe4 4. f3 e6 5. fxe4 Bb4 6. Bd3 Qxd4 7. Bb5+ c6 8.
Qxd4 Bxc3+ 9. Qxc3 O-O 10. Bd3 Nbd7 11. Nf3 Nb6 12. O-O Bd7 13. Bg5 Ne8 14. Be7
{Ppe1968 gibt auf}  1-0

[Event "1. OEsterreichische Internet Schach Meisterschaft - Vorrunde 1"]
[Site "Online - Playchess.com"]
[Date ""]
[Round "4"]
[Board "15"]
[White "Wischounig, Laurin"]
[Black "Freitag, Manfred"]
[Result "0-1"]
[WhiteElo "1878"]
[BlackElo "2356"]
[PlyCount "60"]
[EventDate "2020.04.11"]
[EventRounds "9"]
[EventCountry "AUT"]

1. d4 Nf6 2. c4 g6 3. Nc3 d5 4. e3 Bg7 5. Nf3 O-O 6. Qb3 dxc4 7. Bxc4 e6 8. O-O
a6 9. Bd2 b5 10. Be2 Bb7 11. Rac1 Nbd7 12. Rfd1 Qe7 13. Nb1 Rfc8 14. Bb4 Qd8
15. Bc5 Ne4 16. Nc3 Nexc5 17. dxc5 Qe7 18. Qb4 Bf8 19. Ne4 Bxe4 20. Qxe4 Nxc5
21. Qd4 Rd8 22. Qc3 Na4 23. Qxc7 Qxc7 24. Rxc7 Rxd1+ 25. Bxd1 Nxb2 26. Bb3 a5
27. Rb7 a4 28. Bc2 b4 29. Ne5 b3 30. Bb1 Rc8 {Laurin3006 resigns}  0-1

[Event "1. OEsterreichische Internet Schach Meisterschaft - Vorrunde 1"]
[Site "Online - Playchess.com"]
[Date ""]
[Round "4"]
[Board "16"]
[White "Kilgus, Georg"]
[Black "Bachner, Karsten"]
[Result "0-1"]
[WhiteElo "2461"]
[BlackElo "1997"]
[PlyCount "48"]
[EventDate "2020.04.11"]
[EventRounds "9"]
[EventCountry "AUT"]

1. e4 e6 2. d4 d5 3. Nd2 c5 4. Ngf3 cxd4 5. exd5 Qxd5 6. Bc4 Qd6 7. O-O Nf6 8.
Nb3 Nc6 9. Nbxd4 Nxd4 10. Qxd4 Qxd4 11. Nxd4 a6 12. c3 b5 13. Be2 Bb7 14. Bd2
Bc5 15. a4 bxa4 16. Rxa4 O-O 17. Rfa1 Rab8 18. Be3 Nd5 19. R1a2 Nxe3 20. fxe3
e5 21. Nc2 Rfd8 22. b4 Bb6 23. Bxa6 Be4 24. Kf2 Rd2+  0-1

[Event "1. OEsterreichische Internet Schach Meisterschaft - Vorrunde 1"]
[Site "Online - Playchess.com"]
[Date ""]
[Round "4"]
[Board "17"]
[White "Schreiner, Peter"]
[Black "Rosol, Alexander"]
[Result "1/2-1/2"]
[WhiteElo "2440"]
[BlackElo "1933"]
[PlyCount "145"]
[EventDate "2020.04.11"]
[EventRounds "9"]
[EventCountry "AUT"]

1. d4 d6 2. g3 Nf6 3. Bg2 g6 4. Nf3 Bg7 5. O-O O-O 6. b3 c5 7. c4 Nc6 8. Bb2 e6
9. e3 Rb8 10. Nc3 b6 11. Qe2 Bb7 12. Rad1 cxd4 13. exd4 d5 14. Ne5 a6 15. cxd5
exd5 16. Nxc6 Bxc6 17. Qxa6 Ra8 18. Qd3 Qd6 19. a4 Rfe8 20. Nb1 Ne4 21. Ba3 Qf6
22. Nc3 Rac8 23. Bb4 h5 24. Nb5 Bf8 25. Bxf8 Kxf8 26. Na7 Rc7 27. Nxc6 Rxc6 28.
Qb5 Rc2 29. Bxe4 dxe4 30. Rd2 Rxd2 31. Qb4+ Kg7 32. Qxd2 Rd8 33. Rd1 Qf3 34.
Re1 Qxb3 35. Rxe4 Qxa4 36. Qe3 Qa1+ 37. Kg2 b5 38. h4 b4 39. Rf4 Qa8+ 40. Kh2
Qd5 41. Re4 b3 42. Re5 Qc4 43. Re7 b2 44. Qe5+ Kg8 45. Rb7 Qe6 46. Qxe6 fxe6
47. Rxb2 Rxd4 48. Rb7 Rd2 49. Kg2 Kf8 50. Kf3 Rd4 51. Ke3 Ra4 52. Rc7 Rb4 53.
Ra7 Rc4 54. Rh7 Rb4 55. Rc7 Ra4 56. Kf3 Rb4 57. Rd7 Ra4 58. Rd3 Kf7 59. Rb3 Kf6
60. Rb8 Ra3+ 61. Ke2 Ra2+ 62. Kf1 Ke5 63. Kg2 Ra3 64. Rf8 Rb3 65. f4+ Ke4 66.
Rf6 Rb2+ 67. Kh3 Kf3 68. Rxe6 Rb1 69. Kh2 Rb2+ 70. Kh1 Rb1+ 71. Kh2 Rb2+ 72.
Kh3 Rb1 73. Kh2  1/2-1/2

[Event "1. OEsterreichische Internet Schach Meisterschaft - Vorrunde 1"]
[Site "Online - Playchess.com"]
[Date ""]
[Round "4"]
[Board "18"]
[White "Borrmann, Laurenz"]
[Black "Schneider-Zinner, Harald"]
[Result "1-0"]
[WhiteElo "1880"]
[BlackElo "2381"]
[PlyCount "65"]
[EventDate "2020.04.11"]
[EventRounds "9"]
[EventCountry "AUT"]

1. e4 e5 2. Nf3 d6 3. d4 exd4 4. Nxd4 Nf6 5. Nc3 Nc6 6. Be2 Be7 7. O-O O-O 8.
Be3 Re8 9. f3 Nxd4 10. Bxd4 c6 11. Qd2 Qc7 12. Rad1 b5 13. Rfe1 Nd7 14. Bf1 Ne5
15. a4 b4 16. Ne2 c5 17. Bf2 Be6 18. Nf4 Rad8 19. Bb5 Nc6 20. Nd5 Qb7 21. Bg3
a6 22. Bxc6 Qxc6 23. b3 Bf8 24. Qf4 f5 25. Qg5 fxe4 26. Nf6+ Kh8 27. Nxe8 Rxe8
28. Rxe4 d5 29. Re2 Bf7 30. Rde1 Rxe2 31. Rxe2 h6 32. Qd8 Qd6 33. Bxd6  1-0

[Event "1. OEsterreichische Internet Schach Meisterschaft - Vorrunde 1"]
[Site "Online - Playchess.com"]
[Date ""]
[Round "4"]
[Board "19"]
[White "Dietmayer-Kraeutler, Marco"]
[Black "Schloffer, Jasmin-Denise"]
[Result "1-0"]
[WhiteElo "2284"]
[BlackElo "2110"]
[PlyCount "67"]
[EventDate "2020.04.11"]
[EventRounds "9"]
[EventCountry "AUT"]

1. d4 Nf6 2. c4 e6 3. Nc3 Bb4 4. Qc2 O-O 5. a3 Bxc3+ 6. Qxc3 b6 7. Bg5 Bb7 8.
f3 d5 9. e3 Nbd7 10. cxd5 Nxd5 11. Bxd8 Nxc3 12. Bxc7 Nd5 13. Bd6 Rfc8 14. Kd2
Rc6 15. Bg3 Rac8 16. Bd3 N7f6 17. Ne2 Ne7 18. Rhc1 Nf5 19. Bf2 Rd8 20. Rxc6
Bxc6 21. Rc1 Ba8 22. Rc7 a5 23. Nc3 Ne8 24. Ra7 Rc8 25. Na4 Rb8 26. b4 axb4 27.
axb4 Bc6 28. b5 Ba8 29. Nxb6 Rxb6 30. Rxa8 Kf8 31. e4 Nfd6 32. d5 Rb7 33. Bc5
Ke7 34. e5 {Jasey00 gibt auf}  1-0

[Event "1. OEsterreichische Internet Schach Meisterschaft - Vorrunde 1"]
[Site "Online - Playchess.com"]
[Date ""]
[Round "4"]
[Board "20"]
[White "Ragger, Anna-Christina"]
[Black "Enoeckl, Philipp"]
[Result "0-1"]
[WhiteElo "2204"]
[BlackElo "2276"]
[PlyCount "58"]
[EventDate "2020.04.11"]
[EventRounds "9"]
[EventCountry "AUT"]

1. d4 Nf6 2. Bf4 g6 3. Nc3 d5 4. e3 Bg7 5. h4 c6 6. h5 Nxh5 7. Rxh5 gxh5 8.
Qxh5 Qd7 9. Be2 Qf5 10. Qh4 Qxc2 11. Rb1 Nd7 12. Nf3 Bf6 13. Qh2 Nf8 14. Ne5
Bf5 15. g4 Bg6 16. g5 Bg7 17. Nxg6 hxg6 18. Qg2 Ne6 19. Be5 Bxe5 20. dxe5 O-O-O
21. Kf1 Qf5 22. f4 d4 23. Bg4 Qd3+ 24. Be2 Qxe3 25. Ne4 Nxf4 26. Qg4+ Kb8 27.
Ng3 Nxe2 28. Nxe2 Rh2 29. Ng3 Qf2#  0-1

[Event "1. OEsterreichische Internet Schach Meisterschaft - Vorrunde 1"]
[Site "Online - Playchess.com"]
[Date ""]
[Round "4"]
[Board "21"]
[White "Belke, Frank"]
[Black "Fuchs, Georg"]
[Result "1-0"]
[WhiteElo "2273"]
[BlackElo "2234"]
[PlyCount "79"]
[EventDate "2020.04.11"]
[EventRounds "9"]
[EventCountry "AUT"]

1. d4 Nf6 2. c4 e6 3. Nc3 d5 4. Bg5 Be7 5. Nf3 O-O 6. Qc2 Nbd7 7. e3 c6 8. a3
h6 9. Bh4 dxc4 10. Bxc4 b5 11. Ba2 a6 12. Rd1 Bb7 13. Bb1 g6 14. Ne5 Nxe5 15.
dxe5 Nd5 16. Bxe7 Qxe7 17. Ne4 b4 18. Nd6 Rab8 19. O-O a5 20. Qc5 Ba6 21. Rfe1
bxa3 22. Qxa3 Rb6 23. Qxa5 Rfb8 24. h3 Qg5 25. f4 Qg3 26. Ne4 Qh4 27. b3 Bc8
28. Bc2 Ra6 29. Qc5 Ra2 30. Qxc6 Bb7 31. Qd6 Rd8 32. Nf6+ Nxf6 33. Qxd8+ Kh7
34. Qxf6 Qg3 35. Re2 Bd5 36. Qxf7+ Kh8 37. Rxd5 exd5 38. Qf6+ Kh7 39. Qxg6+
Qxg6 40. Bxg6+ {Schorsch80 gibt auf}  1-0

[Event "1. OEsterreichische Internet Schach Meisterschaft - Vorrunde 1"]
[Site "Online - Playchess.com"]
[Date ""]
[Round "4"]
[Board "22"]
[White "Schwarz, Christian"]
[Black "Perhinig, Robert"]
[Result "0-1"]
[WhiteElo "1948"]
[BlackElo "2252"]
[PlyCount "58"]
[EventDate "2020.04.11"]
[EventRounds "9"]
[EventCountry "AUT"]

1. d4 d5 2. c4 c6 3. Qc2 Nf6 4. Nf3 dxc4 5. Qxc4 Bf5 6. Nc3 e6 7. Bg5 Be7 8. e3
O-O 9. Be2 Nbd7 10. O-O h6 11. Bh4 Ne4 12. Bxe7 Qxe7 13. Nxe4 Bxe4 14. Qb3 Nb6
15. Rac1 Nd5 16. Nd2 Bg6 17. Bd3 Bxd3 18. Qxd3 e5 19. a3 Rad8 20. dxe5 Qxe5 21.
Nf3 Qf6 22. Qb3 Rd7 23. Rfd1 Rfd8 24. Qa4 a6 25. Qb3 g5 26. e4 Nf4 27. Rxd7
Rxd7 28. e5 Qf5 29. h3 Ne2+  0-1

[Event "1. OEsterreichische Internet Schach Meisterschaft - Vorrunde 1"]
[Site "Online - Playchess.com"]
[Date ""]
[Round "4"]
[Board "23"]
[White "Hiermann, Dietmar"]
[Black "Kwech, Andreas"]
[Result "1-0"]
[WhiteElo "2250"]
[BlackElo "1901"]
[PlyCount "91"]
[EventDate "2020.04.11"]
[EventRounds "9"]
[EventCountry "AUT"]

1. e4 c5 2. Nf3 d6 3. c3 Nf6 4. Qc2 g6 5. d4 cxd4 6. cxd4 Bg7 7. Nc3 O-O 8. h3
Nc6 9. Be3 h6 10. Be2 Bd7 11. O-O Rc8 12. Rac1 a6 13. Qd2 Na5 14. Bxh6 Nc4 15.
Bxc4 Rxc4 16. Bxg7 Kxg7 17. Rfe1 Qa5 18. b3 Rc7 19. e5 Nh5 20. Nd5 Qxd2 21.
Nxd2 Rxc1 22. Rxc1 dxe5 23. dxe5 e6 24. Nb4 Rc8 25. Rxc8 Bxc8 26. Nd3 Kf8 27.
g4 Ng7 28. f4 Bd7 29. Kf2 Ke7 30. Ke3 Ne8 31. h4 Nc7 32. Ne4 Nd5+ 33. Kf3 Bc6
34. a3 f5 35. exf6+ Nxf6 36. Ndf2 Bd5 37. b4 Bc6 38. g5 Nd5 39. Kg3 Ne3 40. Nc5
Nc2 41. Nfd3 Nxa3 42. Ne5 Nc2 43. Nxg6+ Kd6 44. h5 Nd4 45. h6 Nf5+ 46. Kf2 {
Akwech gibt auf}  1-0

[Event "1. OEsterreichische Internet Schach Meisterschaft - Vorrunde 1"]
[Site "Online - Playchess.com"]
[Date ""]
[Round "4"]
[Board "24"]
[White "Schernthaner, David"]
[Black "Pali, Philipp"]
[Result "1-0"]
[WhiteElo "2220"]
[BlackElo "2245"]
[PlyCount "105"]
[EventDate "2020.04.11"]
[EventRounds "9"]
[EventCountry "AUT"]

1. e4 e6 2. d4 d5 3. Nd2 Nc6 4. Ngf3 Nf6 5. e5 Nd7 6. Nb3 a5 7. a4 Be7 8. Bb5
Na7 9. Bd3 b6 10. O-O c5 11. c4 Bb7 12. Be3 Nc6 13. cxd5 exd5 14. Bb5 c4 15.
Nbd2 O-O 16. Rc1 Nb4 17. b3 cxb3 18. Qxb3 Rc8 19. Rxc8 Qxc8 20. Nb1 Rd8 21. Rc1
Qb8 22. Ng5 Rc8 23. Nc3 Nf8 24. f4 Ne6 25. Nxe6 fxe6 26. Bd7 Rd8 27. Bxe6+ Kh8
28. f5 Ba6 29. Nxd5 Nxd5 30. Bxd5 Bb4 31. Be6 Qb7 32. d5 Qe7 33. g3 Be2 34. d6
Qe8 35. Bxb6 Rb8 36. Bf2 Bg4 37. Qc4 h5 38. Qc7 Bd2 39. Qxb8 Qxb8 40. Rc8+ Qxc8
41. Bxc8 Bb4 42. Bb6 Kg8 43. d7 Be7 44. d8=Q+ Bxd8 45. Bxd8 Kf7 46. Be6+ Ke8
47. Bxa5 Bd1 48. Bc3 Bxa4 49. Kf2 Bc2 50. Ke3 Ke7 51. Bb4+ Ke8 52. Kf4 g6 53.
f6 {Paligator gibt auf}  1-0

[Event "1. OEsterreichische Internet Schach Meisterschaft - Vorrunde 1"]
[Site "Online - Playchess.com"]
[Date ""]
[Round "4"]
[Board "25"]
[White "Kruckenhauser, Arthur"]
[Black "Brehovsky, Paul"]
[Result "1-0"]
[WhiteElo "2233"]
[BlackElo "2149"]
[PlyCount "41"]
[EventDate "2020.04.11"]
[EventRounds "9"]
[EventCountry "AUT"]

1. e4 e6 2. d4 d5 3. Nd2 Nf6 4. e5 Nfd7 5. Bd3 c5 6. c3 Nc6 7. Ne2 cxd4 8. cxd4
f6 9. exf6 Qxf6 10. Nf3 h6 11. Ng3 Bd6 12. O-O O-O 13. a3 e5 14. dxe5 Ndxe5 15.
Nxe5 Nxe5 16. Bb1 Be6 17. Qc2 Rac8 18. Qh7+ Kf7 19. Nh5 Nf3+ 20. gxf3 Bxh2+ 21.
Kg2  1-0